<?xml version="1.0" encoding="UTF-8"?>
<record
    xmlns:xsi="http://www.w3.org/2001/XMLSchema-instance"
    xsi:schemaLocation="http://www.loc.gov/MARC21/slim http://www.loc.gov/standards/marcxml/schema/MARC21slim.xsd"
    xmlns="http://www.loc.gov/MARC21/slim">

  <leader>00556nam a22002055i 4500</leader>
  <datafield tag="999" ind1=" " ind2=" ">
    <subfield code="c">7884</subfield>
    <subfield code="d">7884</subfield>
  </datafield>
  <controlfield tag="001">991061113263106706</controlfield>
  <controlfield tag="003">OSt</controlfield>
  <controlfield tag="005">20240326182458.0</controlfield>
  <controlfield tag="008">240320s2024    spc|||||r|||||0|| 0bcat|c</controlfield>
  <datafield tag="020" ind1=" " ind2=" ">
    <subfield code="a">9788419734082</subfield>
  </datafield>
  <datafield tag="040" ind1=" " ind2=" ">
    <subfield code="a">ES-BaUB</subfield>
    <subfield code="b">cat</subfield>
    <subfield code="e">rda</subfield>
    <subfield code="c">CDMR</subfield>
  </datafield>
  <datafield tag="100" ind1="1" ind2=" ">
    <subfield code="a">Pla, Xavier</subfield>
    <subfield code="d">1966-</subfield>
    <subfield code="9">3655</subfield>
  </datafield>
  <datafield tag="245" ind1="1" ind2="3">
    <subfield code="a">Un cor furtiu </subfield>
    <subfield code="b">: vida de Josep Pla / </subfield>
    <subfield code="c">Xavier Pla</subfield>
  </datafield>
  <datafield tag="264" ind1=" " ind2="1">
    <subfield code="a">Barcelona :</subfield>
    <subfield code="b">Destino ,</subfield>
    <subfield code="c">2024</subfield>
  </datafield>
  <datafield tag="300" ind1=" " ind2=" ">
    <subfield code="a">1533 p&#xE0;gines</subfield>
  </datafield>
  <datafield tag="490" ind1=" " ind2=" ">
    <subfield code="a">L'&#xC0;ncora </subfield>
    <subfield code="v">; 289</subfield>
  </datafield>
  <datafield tag="600" ind1="1" ind2="0">
    <subfield code="9">827</subfield>
    <subfield code="a">Pla, Josep</subfield>
    <subfield code="d">1897-1981</subfield>
  </datafield>
  <datafield tag="940" ind1=" " ind2=" ">
    <subfield code="a">UB</subfield>
  </datafield>
  <datafield tag="942" ind1=" " ind2=" ">
    <subfield code="2">udc</subfield>
    <subfield code="c">MON</subfield>
  </datafield>
  <datafield tag="952" ind1=" " ind2=" ">
    <subfield code="0">0</subfield>
    <subfield code="1">0</subfield>
    <subfield code="4">0</subfield>
    <subfield code="7">0</subfield>
    <subfield code="a">CDMR</subfield>
    <subfield code="b">CDMR</subfield>
    <subfield code="d">2024-03-26</subfield>
    <subfield code="e">Donaci&#xF3;</subfield>
    <subfield code="g">34.90</subfield>
    <subfield code="l">2</subfield>
    <subfield code="m">1</subfield>
    <subfield code="o">Du 1/212</subfield>
    <subfield code="p">CDMR24030007</subfield>
    <subfield code="r">2024-05-29</subfield>
    <subfield code="s">2024-05-14</subfield>
    <subfield code="w">2024-03-26</subfield>
    <subfield code="y">MON</subfield>
  </datafield>
</record>
